Jorge de Sena e a escrita dos limites (Registo nº 201304)

Detalhes MARC
000 -Etiqueta do registo
Valores 00741nam 22001933 4500
021 ## - Número do Depósito Legal
Código do país Portugal
100 ## - Dados gerais de processamento
Dados gerais 20260316d u||y0pory50 ba
200 ## - Titulo e menção de responsabilidade
Título próprio Jorge de Sena e a escrita dos limites
Primeira menção de responsabilidade Luís F. Adriano Carlos
Informação de outro título análise das estruturas paragramáticas nos quatro sonetos a Afrodite Anadiómena
210 ## - Publicação
Local de publicação Porto
Nome do editor [s.n.]
Data de publicação 1986
215 ## - Descrição física 
Paginação / Volumes 229 f.
Outras indicações físicas brochado
Dimensões 30 cm
300 ## - Notas gerais 
Texto da nota . -Tese mestrado Literaturas Românicas Modernas e Contemporâneas, Fac. de Letras, Univ. do Porto, 1986<br/>.- dedicatória na página de rosto
675 ## - CDU
Notação 80
Edição PT
Língua por
675 ## - CDU
Notação 378.24
Edição PT
Língua por
700 ## - Autor principal (pessoa individual)
ID Autoridade 6754
Apelido Carlos
Nome Luís Adriano
Datas 1959-
801 ## - Fonte de origem
País PT
Agência BMMN
Regras de catalogação RPC
830 ## - Notas gerais do catalogador
Criado por Ana Falardo
Indexado por Ana Falardo
990 ## - Elementos KOHA
Tipo de documento Livro
Exemplares
Situação do levantamento Biblioteca de origem Código de barras Cota Permissão de empréstimo Tipo de documento Nota relativa ao exemplar Forma de aquisição
  Biblioteca Municipal de Montemor-o-Novo 30616 80 CAR|SAF   Livro Acesso condicionado Compra

Powered by Koha